00405nam a2200121Ia 4500008004100000082001900041100003000060245005300090300001300143942000700156999001900163952010100182230907s9999||||xx |||||||||||||| ||und|| a363.73874bRUS aRuser, Alexander.9115758 0aClimate politics and the impact of think tanks : apages cm cBK c599327d599327 00104070aCAS-EbCAS-Ed2019-08-28l0o363.73874 RUSpCAS-E0003426r2023-09-12w2023-09-12yBK